MDQL
is popping MORE tags! Check the
thread
!
Quizzes
Events
Quiz Creation
Community
Videos
Private Events
Remove Ads
Sign In
Join for FREE
Feedback
Dark Mode
Quiz Categories
Sports
Geography
Music
Movies
Television
Just For Fun
Miscellaneous
History
Literature
Language
Science
Gaming
Entertainment
Religion
Holiday
For Kids
Quiz Lab
Recent
Popular Today
Quiz Kudos Today
Editor Picks
Curator Picks
Quizzes by...
Day
Popularity
Type
Ratings
Length
Year
Community
Subscriptions
Recent Discussions
Orange Saloon
Badges
Playlists
Quests
Create
Leaderboards
Showdown
Live 5
Trivia Bingo
Activity
Puzzle Library
Sporcle Events
Private Events
Virtual Trivia
Globe League
Become a Host
Pub Owners
SporcleCon
Opinionation
Our Games
Videos
Blog
Mobile Apps
Partnerships
Remove Ads and Go Orange
Feedback
Geography
Country
Landmarks
City
State
Population
World
Capital
Continent
Flags
Europe
Africa
Asia
South America
North America
Oceania
Border
Canada
United Kingdom
Topography
United States
Geography
Country
Landmarks
City
State
Population
World
Capital
Continent
Flags
Europe
Africa
Asia
South America
North America
Oceania
Border
Canada
United Kingdom
Topography
United States
Random Quiz
Search Sporcle
×
Quiz Lab
Quiz Lab
Geography
Flags
Type in answers that appear in a list
Type in answers that appear in a list
Classic
Best Score? Go Orange.
4 in Geography Stats
Can you name the 4 answers to 10 geographical questions?
By
lawrence667
5m
48 Questions
399 Plays
399 Plays
399 Plays
Comments
Comments
Give Quiz Kudos
Give Quiz Kudos
-
- Ratings
hide this ad
Replay
Link that replays current quiz
Next Quiz
Link to next quiz in quiz playlist
You Got
0%
They Got
Avg Score
66%
Avg Friend Score
Upgrade to see
Score Distribution
Jump to the score distribution portion of the page
Score
0/48
Timer
05:00
0
Plays Today
Hint
Answer
% Correct
American States Beginning With the Word 'New'
New York
98.5%
Four Most Populated Cities In the USA (2010)
New York City, New York
98.5%
Four Biggest Countries in Europe (excluding Russia and Turkey)
France
93.5%
American States Beginning With the Word 'New'
New Jersey
93%
American States Beginning With the Word 'New'
New Mexico
92.2%
Four Biggest Countries in Europe (excluding Russia and Turkey)
Spain
91%
American States Beginning With the Word 'New'
New Hampshire
90.7%
Countries With The Word 'Guinea'
Guinea
89.7%
Countries With The Word 'Guinea'
Papua New Guinea
87%
Countries Beginning With the Letter 'v'
Venezuela
86.5%
Four Most Populated Cities In the USA (2010)
Los Angeles, California
85.7%
Countries Beginning With the Letter 'v'
Vanuatu
85.5%
The Four African Countries With the Highest Overall Population
Egypt
83.7%
Countries With The Word 'Guinea'
Equatorial Guinea
82.5%
Countries With The Word 'Guinea'
Guinea-Bissau
81.5%
Countries Beginning With the Letter 'v'
Vatican City
80.7%
Countries That Use Western European Summer Time
United Kingdom
80.7%
The Four African Countries With the Highest Overall Population
Nigeria
80.7%
Four Most Populated Cities In the USA (2010)
Chicago, Illinois
80.7%
Countries That Use Western European Summer Time
Ireland
78.4%
South American Sovereign States with a Single Star On Their Flag
Chile
75.4%
Countries That Use Western European Summer Time
Portugal
74.7%
Four Biggest Countries in Europe (excluding Russia and Turkey)
Ukraine
74.7%
Four Biggest Countries in Europe (excluding Russia and Turkey)
Sweden
73.7%
Hint
Answer
% Correct
Four Southernmost US State Capitals
Austin, Texas
70.7%
Countries Beginning With the Letter 'v'
Vietnam
70.4%
South American Sovereign States with a Single Star On Their Flag
Bolivia
68.2%
Four Highest African Countries Above Sea Level According to Their Highest Point
Kenya
68.2%
South American Sovereign States with a Single Star On Their Flag
Suriname
67.9%
South American Sovereign States with a Single Star On Their Flag
Paraguay
66.7%
Four Most Populated Cities In the USA (2010)
Houston, Texas
66.7%
The Four African Countries With the Highest Overall Population
Ethiopia
66.4%
The Four African Countries With the Highest Overall Population
Democratic Republic of Congo
65.7%
Four Highest African Countries Above Sea Level According to Their Highest Point
Democratic Republic of Congo
65.7%
Four Southernmost US State Capitals
Tallahassee, Florida
63.4%
Four Highest African Countries Above Sea Level According to Their Highest Point
Tanzania
60.2%
Four Southernmost US State Capitals
Baton Rouge, Lousiana
58.1%
Four Southernmost US State Capitals
Honolulu, Hawaii
57.6%
Four Highest Capital Cities By Altitude
La Paz, Bolivia
50.9%
Four Highest African Countries Above Sea Level According to Their Highest Point
Uganda
46.6%
Countries That Use Western European Summer Time
Morocco
43.1%
Four Highest Capital Cities By Altitude
Quito, Ecuador
34.6%
Four Highest Capital Cities By Altitude
Thimphu, Bhutan
19.8%
Four Highest Capital Cities By Altitude
Bogota, Colombia
19.8%
English Counties Beginning With the Letter 'T'
Tyne and Wear
13.8%
English Counties Beginning With the Letter 'T'
Telford & Wrekin
3.3%
English Counties Beginning With the Letter 'T'
Thurrock
2.8%
English Counties Beginning With the Letter 'T'
Torbay
2.3%
Quiz Playlist
Details
Report
Send in Message
Add To Playlist
Classic:
Type in answers that appear in a list
Last Updated: Feb 16, 2017
Quiz Scoreboard
CHALLENGE
Sign Up to Join the Scoreboard
Show All
Scores
Hide
Comments
May contain spoilers
Recently Published
Colored Red Africa Blitz
by spor1
Geography
30s
Find the 'City' Movie
by crazypaving
Movies
60s
5x2 Blitz: Bands
by SL_Kpop136
Music
30s
More to Explore
Quiz From the Vault
Featured Blog Post
14 Easter Pick-up Lines to Find Eggs With
hide this ad
You Might Also Like...
Tags
Capital Quiz
Country Quiz
Flags Quiz
Population Quiz
Today's Top Quizzes in Geography
Browse Geography
hide this ad
Today's Top Quizzes in Flags
Browse Flags
Top Contributed Quizzes in Geography
1
Countries of the World - No Outlines Minefield
2
Colored Red Europe Blitz I
3
Colored Red Africa Blitz II
4
Colored Red Europe Blitz II
5
Colored Red Europe Blitz III
6
Colored Red Africa Blitz III
7
Colored Red States Blitz I
8
Colored Red States Blitz II
9
Colored Red States Blitz III
10
Blind Secret Country CLXXXIX
Explore More
Trending Topics
Harry Potter
Kpop
Anime
NBA
Disney
Marvel
Crossword
Song
NFL
Puzzle
Country
The Office
WWE
Soccer
Pokémon
hide this ad
More By:
lawrence667
Quiz
Plays
Rating
Category
Featured
Created
F1... In What Year...
1,388
4.00
Sports
Apr 8, 2012
5 in Geography
448
2.60
Geography
Apr 12, 2012
4 in Geography
399
2.63
Geography
Apr 15, 2012
World Demonyms
394
3.33
Geography
May 6, 2012
Cryptic Music Quiz
307
3.67
Music
Apr 15, 2012
Go to Creator's Profile
Score Distribution
Quiz Creator Spotlight
lawrence667
Follow
Send a Message
Quizzes Created
-
Created Quiz Play Count
-
More By This Creator
Popular Quizzes Today
1
Find the 'City' Movie
2
5x2 Blitz: Bands
3
Colored Red Africa Blitz
4
Find the US States - No Outlines Minefield
5
The Countries of the World
6
Find the US States
7
9x9 Crossword: Cartoon Network
8
US States
More Geography Quizzes
Abbreviated Countries
Published
Trending Quizzes
Colored Red Europe Blitz I
Colored Red Africa Blitz II
Colored Red Africa Blitz III
Colored Red Europe Blitz III
Colored Red Europe Blitz II
Recently Updated
Champions League XIs: Real Madrid
pecheneg
Largest US Cities 1790-2010
pecheneg
Rides in Walt Disney World
pecheneg
Most Oscar Losses (Acting)
pecheneg
Beyoncé Albums
pecheneg
Leaping Animals
pecheneg
Reality TV Shows (A-Z)
bhenderson79
Rickey Henderson's Hall of Fame Teammates
pecheneg
Champions League XIs: Arsenal
pecheneg
Quick Pick: Celebrities in WWE's Hall of Fame
aduchscher
Trending Topics
Marvel
Anime
Disney
Harry Potter
Crossword
NBA
Kpop
NFL
Country
Soccer
The Office
Puzzle
Pokémon
WWE
Song
Your Account Isn't Verified!
In order to create a playlist on Sporcle, you need to verify the email address you used during registration. Go to your
Sporcle Settings
to finish the process.
Report this User
Report this user for behavior that violates our
Community Guidelines
.
Details:
Send Report
Go to the Sporcle.com Mobile Site →
Comments